000 00658nam a22001937a 4500
999 _c176173
_d176173
005 20201126142849.0
010 _aUR-10943
020 _c300.00
_a97893901001630
035 _aU-9498
037 _bDBAD/PUB
082 _a840.08
100 _aحا فظ کر نا ٹکی
245 _aمطا لعہ شعا ر
_cحا فظ کر نا ٹکی
246 _bMutaliya She'Ar (Urdu)
_aby Hafiz Karnataki
260 _aN.Delhi
_bEducational Publishing House
_c2020 ء
270 _aH.O.D1/16,Ansari Road,Darya ganj,
_bN.Delhi
_e110002
_k45678285,23216162
_l0091-11-23211540
300 _a289 ص
_c22 Cm(Hb)
942 _2ddc
_cUR
_h840.08
_mح ا ف